[Event "DEM U18 2023"]
[Site "Willingen GER"]
[Date "2023.06.01"]
[Round "7"]
[White "Weihrauch, Jakob"]
[Black "Lutz, Ruben"]
[Result "1-0"]
[Termination "normal"]
[Board "8"]
[WhiteElo "2291"]
[BlackElo "2211"]
[WhiteClock "00:34:44"]
[BlackClock "00:15:50"]
[PlyCount "93"]
[WhiteFideId "16210115"]
[BlackFideId "12975974"]
[EventCountry "GER"]
[EventRounds "9"]
[EventType "swiss"]
[EventDate "2023.05.27"]

1. e4 {[%clk 01:30:58]} {[%emt 00:00:01]} c6 {[%clk 01:30:53]} {[%emt
00:00:07]} 2. d4 {[%clk 01:31:24]} {[%emt 00:00:05]} d5 {[%clk 01:31:19]}
{[%emt 00:00:04]} 3. e5 {[%clk 01:31:47]} {[%emt 00:00:07]} c5 {[%clk
01:31:45]} {[%emt 00:00:04]} 4. Nf3 {[%clk 01:32:13]} {[%emt 00:00:03]} cxd4
{[%clk 01:32:10]} {[%emt 00:00:05]} 5. Qxd4 {[%clk 01:32:38]} {[%emt 00:00:05]}
Nc6 {[%clk 01:32:31]} {[%emt 00:00:09]} 6. Qf4 {[%clk 01:33:04]} {[%emt
00:00:03]} e6 {[%clk 01:32:29]} {[%emt 00:00:32]} 7. Nc3 {[%clk 01:32:56]}
{[%emt 00:00:39]} Nb4 {[%clk 00:57:47]} {[%emt 00:35:12]} 8. Bd3 {[%clk
01:33:08]} {[%emt 00:00:18]} Nxd3+ {[%clk 00:58:12]} {[%emt 00:00:05]} 9. cxd3
{[%clk 01:33:31]} {[%emt 00:00:07]} Ne7 {[%clk 00:58:33]} {[%emt 00:00:09]} 10.
O-O {[%clk 01:29:22]} {[%emt 00:04:39]} Ng6 {[%clk 00:58:55]} {[%emt 00:00:08]}
11. Qg3 {[%clk 01:29:10]} {[%emt 00:00:42]} Be7 {[%clk 00:58:46]} {[%emt
00:00:39]} 12. Ne2 {[%clk 01:16:56]} {[%emt 00:12:44]} d4 {[%clk 00:49:37]}
{[%emt 00:09:39]} 13. Nexd4 {[%clk 01:10:39]} {[%emt 00:06:47]} O-O {[%clk
00:49:10]} {[%emt 00:00:57]} 14. Be3 {[%clk 01:01:00]} {[%emt 00:10:10]} b6
{[%clk 00:36:31]} {[%emt 00:13:09]} 15. Nc6 {[%clk 00:48:35]} {[%emt 00:12:54]}
Qd7 {[%clk 00:36:51]} {[%emt 00:00:10]} 16. Ncd4 {[%clk 00:38:14]} {[%emt
00:10:51]} Bb7 {[%clk 00:35:22]} {[%emt 00:02:00]} 17. h4 {[%clk 00:37:16]}
{[%emt 00:01:27]} h5 {[%clk 00:29:32]} {[%emt 00:06:19]} 18. Rad1 {[%clk
00:29:39]} {[%emt 00:08:08]} Qd5 {[%clk 00:28:25]} {[%emt 00:01:37]} 19. Bg5
{[%clk 00:27:03]} {[%emt 00:03:06]} Bc5 {[%clk 00:18:34]} {[%emt 00:10:21]} 20.
Ne2 {[%clk 00:19:22]} {[%emt 00:08:12]} Qxa2 {[%clk 00:16:11]} {[%emt
00:02:53]} 21. Nf4 {[%clk 00:16:32]} {[%emt 00:03:20]} Nxf4 {[%clk 00:15:59]}
{[%emt 00:00:41]} 22. Bxf4 {[%clk 00:16:49]} {[%emt 00:00:13]} Rfd8 {[%clk
00:13:41]} {[%emt 00:02:48]} 23. d4 {[%clk 00:13:04]} {[%emt 00:04:16]} Bf8
{[%clk 00:13:56]} {[%emt 00:00:13]} 24. Ng5 {[%clk 00:12:09]} {[%emt 00:01:26]}
Qd5 {[%clk 00:12:16]} {[%emt 00:02:10]} 25. Rfe1 {[%clk 00:11:19]} {[%emt
00:01:21]} Rac8 {[%clk 00:08:18]} {[%emt 00:04:28]} 26. Ne4 {[%clk 00:10:02]}
{[%emt 00:01:47]} Qxe4 27. Rxe4 {[%clk 00:10:31]} Bxe4 {[%clk 00:08:49]} {[%emt
00:00:05]} 28. Qg5 {[%clk 00:10:39]} {[%emt 00:00:22]} g6 {[%clk 00:06:09]}
{[%emt 00:03:10]} 29. Qg3 {[%clk 00:09:19]} {[%emt 00:01:50]} Rd7 {[%clk
00:05:19]} {[%emt 00:01:21]} 30. Be3 {[%clk 00:08:33]} {[%emt 00:01:16]} Bd5
{[%clk 00:04:56]} {[%emt 00:00:52]} 31. Qf4 {[%clk 00:08:40]} {[%emt 00:00:23]}
Rc2 {[%clk 00:04:07]} {[%emt 00:01:19]} 32. g4 {[%clk 00:08:22]} {[%emt
00:00:48]} hxg4 {[%clk 00:04:02]} {[%emt 00:00:36]} 33. Qxg4 {[%clk 00:08:48]}
{[%emt 00:00:04]} Rxb2 {[%clk 00:02:42]} {[%emt 00:01:50]} 34. Rc1 {[%clk
00:06:45]} {[%emt 00:02:33]} a5 {[%clk 00:01:28]} {[%emt 00:01:43]} 35. h5
{[%clk 00:05:14]} {[%emt 00:02:00]} a4 {[%clk 00:00:48]} {[%emt 00:01:10]} 36.
hxg6 {[%clk 00:05:07]} {[%emt 00:00:37]} fxg6 {[%clk 00:01:15]} {[%emt
00:00:03]} 37. Bh6 {[%clk 00:05:06]} {[%emt 00:00:31]} Rb1 {[%clk 00:00:32]}
{[%emt 00:01:13]} 38. Rxb1 {[%clk 00:04:47]} {[%emt 00:00:48]} Bxh6 {[%clk
00:01:00]} {[%emt 00:00:02]} 39. Rxb6 {[%clk 00:05:02]} {[%emt 00:00:15]} Kf7
{[%clk 00:00:34]} {[%emt 00:00:56]} 40. Qh4 {[%clk 00:05:07]} {[%emt 00:00:24]}
Bg7 {[%clk 00:00:33]} {[%emt 00:00:31]} 41. Rd6 {[%clk 00:02:54]} {[%emt
00:02:43]} Rb7 {[%clk 00:14:10]} {[%emt 00:16:53]} 42. Rxd5 {[%clk 00:32:55]}
{[%emt 00:00:30]} exd5 {[%clk 00:14:36]} {[%emt 00:00:04]} 43. Qd8 {[%clk
00:33:20]} {[%emt 00:00:05]} Rb1+ {[%clk 00:15:01]} {[%emt 00:00:05]} 44. Kg2
{[%clk 00:33:41]} {[%emt 00:00:08]} Ke6 {[%clk 00:15:08]} {[%emt 00:00:23]} 45.
Qe8+ {[%clk 00:33:59]} {[%emt 00:00:12]} Kf5 {[%clk 00:15:30]} {[%emt
00:00:09]} 46. Qf7+ {[%clk 00:34:21]} {[%emt 00:00:07]} Ke4 {[%clk 00:15:50]}
{[%emt 00:00:11]} 47. Qxg6+ {[%clk 00:34:44]} {[%emt 00:00:07]} 1-0

[Event "DEM U18 2023"]
[Site "Willingen GER"]
[Date "2023.06.01"]
[Round "7"]
[White "Eull, Emil"]
[Black "Musiolik, David"]
[Result "1-0"]
[Termination "normal"]
[Board "9"]
[WhiteElo "1937"]
[BlackElo "2291"]
[WhiteClock "00:04:26"]
[BlackClock "00:06:44"]
[PlyCount "133"]
[WhiteFideId "16253809"]
[BlackFideId "12972355"]
[EventCountry "GER"]
[EventRounds "9"]
[EventType "swiss"]
[EventDate "2023.05.27"]

1. Nf3 {[%clk 01:30:58]} Nf6 {[%clk 01:30:10]} {[%emt 00:00:50]} 2. c4 {[%clk
01:31:21]} {[%emt 00:00:07]} g6 {[%clk 01:29:48]} {[%emt 00:00:54]} 3. Nc3
{[%clk 01:31:41]} {[%emt 00:00:09]} Bg7 {[%clk 01:29:37]} {[%emt 00:00:40]} 4.
g3 {[%clk 01:32:06]} {[%emt 00:00:04]} O-O {[%clk 01:29:34]} {[%emt 00:00:33]}
5. Bg2 {[%clk 01:32:32]} {[%emt 00:00:07]} d6 {[%clk 01:29:26]} {[%emt
00:00:38]} 6. O-O {[%clk 01:32:55]} {[%emt 00:00:05]} e5 {[%clk 01:29:31]}
{[%emt 00:00:26]} 7. d3 {[%clk 01:33:20]} {[%emt 00:00:06]} Nc6 {[%clk
01:28:47]} {[%emt 00:01:13]} 8. Rb1 {[%clk 01:33:42]} {[%emt 00:00:08]} a5
{[%clk 01:28:35]} {[%emt 00:00:41]} 9. a3 {[%clk 01:34:07]} {[%emt 00:00:06]}
Nd4 {[%clk 01:28:22]} {[%emt 00:00:43]} 10. b4 {[%clk 01:33:00]} {[%emt
00:01:38]} axb4 {[%clk 01:20:12]} {[%emt 00:08:39]} 11. axb4 {[%clk 01:33:19]}
{[%emt 00:00:11]} c6 {[%clk 01:19:34]} {[%emt 00:01:07]} 12. b5 {[%clk
01:30:02]} {[%emt 00:03:47]} Bg4 {[%clk 01:19:10]} {[%emt 00:00:54]} 13. Be3
{[%clk 01:08:35]} {[%emt 00:21:57]} Bxf3 {[%clk 01:01:48]} {[%emt 00:17:53]}
14. exf3 {[%clk 01:08:02]} {[%emt 00:01:01]} Ne6 {[%clk 00:50:17]} {[%emt
00:12:01]} 15. Ne4 {[%clk 00:53:44]} {[%emt 00:14:48]} Qe7 {[%clk 00:47:56]}
{[%emt 00:02:52]} 16. Ng5 {[%clk 00:47:15]} {[%emt 00:06:59]} d5 {[%clk
00:43:33]} {[%emt 00:04:52]} 17. bxc6 {[%clk 00:37:17]} {[%emt 00:10:28]} bxc6
{[%clk 00:43:41]} {[%emt 00:00:22]} 18. Rb6 {[%clk 00:29:46]} {[%emt 00:08:02]}
d4 {[%clk 00:41:21]} {[%emt 00:02:49]} 19. Nxe6 {[%clk 00:28:53]} {[%emt
00:01:24]} Qxe6 {[%clk 00:41:29]} {[%emt 00:00:22]} 20. Bd2 {[%clk 00:21:39]}
{[%emt 00:07:44]} Nd7 {[%clk 00:38:27]} {[%emt 00:03:31]} 21. Rb1 {[%clk
00:22:01]} {[%emt 00:00:09]} f5 {[%clk 00:36:38]} {[%emt 00:02:19]} 22. Ra1
{[%clk 00:15:43]} {[%emt 00:06:48]} Rxa1 {[%clk 00:34:03]} {[%emt 00:03:06]}
23. Qxa1 {[%clk 00:16:05]} {[%emt 00:00:08]} f4 {[%clk 00:34:14]} {[%emt
00:00:18]} 24. Qa7 {[%clk 00:13:49]} {[%emt 00:02:46]} g5 {[%clk 00:32:50]}
{[%emt 00:01:55]} 25. Rb1 {[%clk 00:13:04]} {[%emt 00:01:14]} Rf7 {[%clk
00:32:50]} {[%emt 00:00:29]} 26. Rb7 {[%clk 00:12:14]} {[%emt 00:01:21]} Bf8
{[%clk 00:26:13]} {[%emt 00:07:07]} 27. Bb4 {[%clk 00:10:12]} {[%emt 00:02:33]}
Bxb4 {[%clk 00:22:12]} {[%emt 00:04:31]} 28. Rxb4 {[%clk 00:10:35]} {[%emt
00:00:06]} h5 {[%clk 00:22:22]} {[%emt 00:00:19]} 29. Rb7 {[%clk 00:06:42]}
{[%emt 00:04:24]} Kg7 {[%clk 00:17:36]} {[%emt 00:05:16]} 30. Rc7 {[%clk
00:06:35]} {[%emt 00:00:36]} c5 {[%clk 00:04:23]} {[%emt 00:13:44]} 31. Qb7
{[%clk 00:04:17]} {[%emt 00:02:48]} Re7 {[%clk 00:02:23]} {[%emt 00:02:29]} 32.
Qc8 {[%clk 00:03:39]} {[%emt 00:01:09]} Kf7 {[%clk 00:01:46]} {[%emt 00:01:07]}
33. Rc6 {[%clk 00:01:58]} {[%emt 00:02:11]} Qf5 {[%clk 00:02:09]} {[%emt
00:00:06]} 34. Qh8 {[%clk 00:02:10]} {[%emt 00:00:18]} Nf6 {[%clk 00:01:35]}
{[%emt 00:01:04]} 35. g4 {[%clk 00:02:10]} {[%emt 00:00:30]} Qg6 {[%clk
00:01:04]} {[%emt 00:01:01]} 36. gxh5 {[%clk 00:02:37]} {[%emt 00:00:03]} Qg7
{[%clk 00:01:03]} {[%emt 00:00:32]} 37. Qxg7+ {[%clk 00:01:00]} {[%emt
00:02:07]} Kxg7 {[%clk 00:01:31]} {[%emt 00:00:01]} 38. h6+ {[%clk 00:01:09]}
{[%emt 00:00:21]} Kg6 {[%clk 00:00:38]} {[%emt 00:01:22]} 39. Bh3 {[%clk
00:00:45]} {[%emt 00:00:54]} Rb7 {[%clk 00:00:45]} {[%emt 00:00:24]} 40. Kg2
{[%clk 00:00:41]} {[%emt 00:00:34]} Re7 {[%clk 00:00:35]} {[%emt 00:00:40]} 41.
Bg4 {[%clk 00:28:02]} {[%emt 00:03:08]} Ra7 {[%clk 00:28:16]} {[%emt 00:02:49]}
42. Re6 {[%clk 00:18:19]} {[%emt 00:10:13]} Rb7 {[%clk 00:26:25]} {[%emt
00:02:22]} 43. Rc6 {[%clk 00:12:33]} {[%emt 00:06:16]} Ra7 {[%clk 00:26:46]}
{[%emt 00:00:09]} 44. Rxc5 {[%clk 00:12:31]} {[%emt 00:00:32]} Kxh6 {[%clk
00:22:19]} {[%emt 00:04:57]} 45. Rxe5 {[%clk 00:12:20]} {[%emt 00:00:41]} Nxg4
{[%clk 00:22:14]} {[%emt 00:00:35]} 46. fxg4 {[%clk 00:10:42]} {[%emt
00:02:08]} Ra3 {[%clk 00:22:37]} {[%emt 00:00:06]} 47. Kf3 {[%clk 00:08:43]}
{[%emt 00:02:29]} Rxd3+ {[%clk 00:23:01]} {[%emt 00:00:06]} 48. Ke4 {[%clk
00:08:34]} {[%emt 00:00:39]} Rd2 {[%clk 00:16:51]} {[%emt 00:06:40]} 49. c5
{[%clk 00:04:25]} {[%emt 00:04:39]} d3 {[%clk 00:16:24]} {[%emt 00:00:57]} 50.
Rd5 {[%clk 00:03:44]} {[%emt 00:01:11]} Rxf2 {[%clk 00:16:15]} {[%emt
00:00:38]} 51. Kxd3 {[%clk 00:03:59]} {[%emt 00:00:14]} Rf1 {[%clk 00:07:16]}
{[%emt 00:09:30]} 52. Rf5 {[%clk 00:03:48]} {[%emt 00:00:41]} Rc1 {[%clk
00:07:03]} {[%emt 00:00:43]} 53. Kd4 {[%clk 00:04:02]} {[%emt 00:00:17]} Rc2
{[%clk 00:06:43]} {[%emt 00:00:50]} 54. Kd5 {[%clk 00:03:45]} {[%emt 00:00:47]}
Rxh2 {[%clk 00:06:07]} {[%emt 00:01:05]} 55. c6 {[%clk 00:04:06]} {[%emt
00:00:09]} Rc2 {[%clk 00:06:16]} {[%emt 00:00:21]} 56. Kd6 {[%clk 00:04:17]}
{[%emt 00:00:20]} Rd2+ {[%clk 00:05:45]} {[%emt 00:01:01]} 57. Ke7 {[%clk
00:04:18]} {[%emt 00:00:29]} Rc2 {[%clk 00:06:02]} {[%emt 00:00:13]} 58. Kd7
{[%clk 00:03:44]} {[%emt 00:01:04]} Rd2+ {[%clk 00:06:26]} {[%emt 00:00:05]}
59. Kc8 {[%clk 00:04:08]} {[%emt 00:00:06]} Rd4 {[%clk 00:06:32]} {[%emt
00:00:24]} 60. c7 {[%clk 00:03:09]} {[%emt 00:01:30]} f3 {[%clk 00:06:55]}
{[%emt 00:00:06]} 61. Rxf3 {[%clk 00:02:32]} {[%emt 00:01:07]} Rxg4 {[%clk
00:07:22]} {[%emt 00:00:03]} 62. Rf6+ {[%clk 00:02:49]} {[%emt 00:00:13]} Kg7
{[%clk 00:06:40]} {[%emt 00:01:12]} 63. Rb6 {[%clk 00:03:15]} {[%emt 00:00:04]}
Rc4 {[%clk 00:05:31]} {[%emt 00:01:39]} 64. Kb7 {[%clk 00:03:36]} {[%emt
00:00:09]} g4 {[%clk 00:05:55]} {[%emt 00:00:06]} 65. c8=Q {[%clk 00:03:37]}
{[%emt 00:00:29]} Rxc8 {[%clk 00:06:20]} {[%emt 00:00:06]} 66. Kxc8 {[%clk
00:04:03]} {[%emt 00:00:04]} g3 {[%clk 00:06:44]} {[%emt 00:00:05]} 67. Rb3
{[%clk 00:04:26]} {[%emt 00:00:07]} 1-0

[Event "DEM U18 2023"]
[Site "Willingen GER"]
[Date "2023.06.01"]
[Round "7"]
[White "Bui, Bao Anh Le"]
[Black "Großmann, Piet"]
[Result "1-0"]
[Termination "normal"]
[Board "10"]
[WhiteElo "2136"]
[BlackElo "1935"]
[WhiteClock "00:39:02"]
[BlackClock "00:07:33"]
[PlyCount "115"]
[WhiteFideId "12970719"]
[BlackFideId "16234359"]
[EventCountry "GER"]
[EventRounds "9"]
[EventType "swiss"]
[EventDate "2023.05.27"]

1. e4 {[%clk 01:30:03]} {[%emt 00:00:59]} e6 {[%clk 01:30:55]} {[%emt
00:00:07]} 2. d4 {[%clk 01:30:21]} {[%emt 00:00:10]} d5 {[%clk 01:31:19]}
{[%emt 00:00:05]} 3. e5 {[%clk 01:30:36]} {[%emt 00:00:14]} c5 {[%clk
01:31:01]} {[%emt 00:00:48]} 4. c3 {[%clk 01:30:43]} {[%emt 00:00:23]} Nc6
{[%clk 01:30:46]} {[%emt 00:00:48]} 5. Nf3 {[%clk 01:30:47]} {[%emt 00:00:23]}
Bd7 {[%clk 01:30:53]} {[%emt 00:00:26]} 6. Be2 {[%clk 01:30:07]} {[%emt
00:01:08]} cxd4 {[%clk 01:31:18]} {[%emt 00:00:05]} 7. cxd4 {[%clk 01:30:21]}
{[%emt 00:00:15]} Nge7 {[%clk 01:31:44]} {[%emt 00:00:05]} 8. Na3 {[%clk
01:30:19]} {[%emt 00:00:31]} Nf5 {[%clk 01:32:09]} {[%emt 00:00:05]} 9. Nc2
{[%clk 01:30:22]} {[%emt 00:00:27]} Qb6 {[%clk 01:32:35]} {[%emt 00:00:05]} 10.
O-O {[%clk 01:29:53]} {[%emt 00:00:58]} Rc8 {[%clk 01:32:52]} {[%emt 00:00:14]}
11. Bd3 {[%clk 01:28:56]} {[%emt 00:01:27]} Na5 {[%clk 01:24:09]} {[%emt
00:09:14]} 12. Qe2 {[%clk 01:13:50]} {[%emt 00:15:36]} a6 {[%clk 01:18:43]}
{[%emt 00:05:56]} 13. g4 {[%clk 01:05:21]} {[%emt 00:08:58]} Ne7 {[%clk
01:18:29]} {[%emt 00:00:44]} 14. b3 {[%clk 00:52:01]} {[%emt 00:13:50]} Bb5
{[%clk 00:36:46]} {[%emt 00:42:13]} 15. Bxb5+ {[%clk 00:46:28]} {[%emt
00:06:04]} axb5 {[%clk 00:37:09]} {[%emt 00:00:07]} 16. Na3 {[%clk 00:46:35]}
{[%emt 00:00:22]} b4 {[%clk 00:37:20]} {[%emt 00:00:19]} 17. Qb5+ {[%clk
00:44:52]} {[%emt 00:02:13]} Rc6 {[%clk 00:35:00]} {[%emt 00:02:51]} 18. Qxb6
{[%clk 00:41:58]} {[%emt 00:03:23]} Rxb6 {[%clk 00:35:24]} {[%emt 00:00:07]}
19. Nc2 {[%clk 00:42:22]} {[%emt 00:00:05]} h5 {[%clk 00:32:33]} {[%emt
00:03:22]} 20. h3 {[%clk 00:42:40]} {[%emt 00:00:11]} Nc8 {[%clk 00:32:01]}
{[%emt 00:01:02]} 21. Nfe1 {[%clk 00:32:40]} {[%emt 00:10:30]} Nc6 {[%clk
00:29:44]} {[%emt 00:02:47]} 22. Nd3 {[%clk 00:32:37]} {[%emt 00:00:33]} N8a7
{[%clk 00:26:46]} {[%emt 00:03:28]} 23. Bd2 {[%clk 00:25:38]} {[%emt 00:07:30]}
Nb5 {[%clk 00:18:32]} {[%emt 00:08:44]} 24. Kg2 {[%clk 00:25:39]} {[%emt
00:00:29]} Na3 {[%clk 00:16:19]} {[%emt 00:02:43]} 25. Rac1 {[%clk 00:23:12]}
{[%emt 00:02:56]} Nxc2 {[%clk 00:14:33]} {[%emt 00:02:17]} 26. Rxc2 {[%clk
00:23:36]} {[%emt 00:00:06]} Kd7 {[%clk 00:13:47]} {[%emt 00:01:16]} 27. Be3
{[%clk 00:22:51]} {[%emt 00:01:14]} Be7 {[%clk 00:14:03]} {[%emt 00:00:14]} 28.
f4 {[%clk 00:23:04]} {[%emt 00:00:17]} hxg4 {[%clk 00:12:48]} {[%emt 00:01:45]}
29. hxg4 {[%clk 00:23:29]} {[%emt 00:00:05]} g6 {[%clk 00:13:03]} {[%emt
00:00:15]} 30. Rf3 {[%clk 00:21:46]} {[%emt 00:02:13]} Ra6 {[%clk 00:11:56]}
{[%emt 00:01:37]} 31. f5 {[%clk 00:20:17]} {[%emt 00:01:59]} gxf5 {[%clk
00:12:08]} {[%emt 00:00:18]} 32. gxf5 {[%clk 00:20:39]} {[%emt 00:00:06]} Raa8
{[%clk 00:11:37]} {[%emt 00:01:01]} 33. f6 {[%clk 00:15:45]} {[%emt 00:05:24]}
Rag8+ {[%clk 00:11:54]} {[%emt 00:00:13]} 34. Rg3 {[%clk 00:15:57]} {[%emt
00:00:18]} Rxg3+ {[%clk 00:11:46]} {[%emt 00:00:38]} 35. Kxg3 {[%clk 00:16:22]}
{[%emt 00:00:05]} Bf8 {[%clk 00:12:12]} {[%emt 00:00:04]} 36. Rh2 {[%clk
00:09:22]} {[%emt 00:07:29]} Rxh2 {[%clk 00:10:33]} {[%emt 00:02:09]} 37. Kxh2
{[%clk 00:09:45]} {[%emt 00:00:06]} Kd8 {[%clk 00:05:08]} {[%emt 00:05:56]} 38.
Kg3 {[%clk 00:09:40]} {[%emt 00:00:35]} Kd7 {[%clk 00:03:36]} {[%emt 00:02:02]}
39. Kf3 {[%clk 00:08:53]} {[%emt 00:01:17]} Kd8 {[%clk 00:04:02]} {[%emt
00:00:05]} 40. Ke2 {[%clk 00:05:54]} {[%emt 00:03:28]} Kd7 {[%clk 00:01:43]}
{[%emt 00:02:50]} 41. Nb2 {[%clk 00:06:16]} {[%emt 00:00:08]} Kc7 {[%clk
00:29:39]} {[%emt 00:02:33]} 42. Kd3 {[%clk 00:36:33]} {[%emt 00:00:13]} Kc8
{[%clk 00:21:00]} {[%emt 00:09:10]} 43. Na4 {[%clk 00:36:07]} {[%emt 00:00:56]}
Kc7 {[%clk 00:21:21]} {[%emt 00:00:09]} 44. Bd2 {[%clk 00:36:32]} {[%emt
00:00:04]} b5 {[%clk 00:18:07]} {[%emt 00:03:45]} 45. Nb2 {[%clk 00:36:51]}
{[%emt 00:00:11]} Kd7 {[%clk 00:17:50]} {[%emt 00:00:46]} 46. Nd1 {[%clk
00:36:01]} {[%emt 00:01:21]} Kd8 {[%clk 00:17:28]} {[%emt 00:00:52]} 47. Bf4
{[%clk 00:36:26]} {[%emt 00:00:05]} Kd7 {[%clk 00:09:48]} {[%emt 00:08:11]} 48.
Ne3 {[%clk 00:36:14]} {[%emt 00:00:41]} Kd8 {[%clk 00:10:13]} {[%emt 00:00:05]}
49. Nc2 {[%clk 00:36:38]} {[%emt 00:00:06]} Kd7 {[%clk 00:10:37]} {[%emt
00:00:06]} 50. Bd2 {[%clk 00:37:04]} {[%emt 00:00:04]} Kd8 {[%clk 00:10:50]}
{[%emt 00:00:18]} 51. Ke2 {[%clk 00:37:26]} {[%emt 00:00:08]} Kd7 {[%clk
00:11:11]} {[%emt 00:00:09]} 52. Kf3 {[%clk 00:37:49]} {[%emt 00:00:07]} Kd8
{[%clk 00:10:43]} {[%emt 00:00:58]} 53. Kg4 {[%clk 00:38:13]} {[%emt 00:00:05]}
Kd7 {[%clk 00:09:41]} {[%emt 00:01:33]} 54. Kh5 {[%clk 00:38:32]} {[%emt
00:00:11]} Kd8 {[%clk 00:09:05]} {[%emt 00:01:06]} 55. Bh6 {[%clk 00:38:52]}
{[%emt 00:00:09]} Ke8 {[%clk 00:09:26]} {[%emt 00:00:10]} 56. Bg7 {[%clk
00:39:04]} {[%emt 00:00:16]} Nb8 {[%clk 00:07:54]} {[%emt 00:02:03]} 57. Kh6
{[%clk 00:38:57]} {[%emt 00:00:37]} Nc6 {[%clk 00:07:33]} {[%emt 00:00:51]} 58.
Kh7 {[%clk 00:39:02]} {[%emt 00:00:25]} 1-0

[Event "DEM U18 2023"]
[Site "Willingen GER"]
[Date "2023.06.01"]
[Round "7"]
[White "Matthäi, Jakob"]
[Black "Pikalow, Michael"]
[Result "1/2-1/2"]
[Termination "normal"]
[Board "11"]
[WhiteElo "2046"]
[BlackElo "2147"]
[WhiteClock "00:27:00"]
[BlackClock "00:25:43"]
[PlyCount "90"]
[WhiteFideId "16240421"]
[BlackFideId "16227638"]
[EventCountry "GER"]
[EventRounds "9"]
[EventType "swiss"]
[EventDate "2023.05.27"]

1. e4 {[%clk 01:30:57]} {[%emt 00:00:02]} d5 {[%clk 01:30:41]} {[%emt
00:00:20]} 2. exd5 {[%clk 01:31:22]} {[%emt 00:00:05]} Nf6 {[%clk 01:31:07]}
{[%emt 00:00:06]} 3. d4 {[%clk 01:31:39]} {[%emt 00:00:10]} Bg4 {[%clk
01:31:29]} {[%emt 00:00:08]} 4. Nf3 {[%clk 01:31:23]} {[%emt 00:00:47]} Qxd5
{[%clk 01:31:27]} {[%emt 00:00:32]} 5. Be2 {[%clk 01:30:32]} {[%emt 00:01:21]}
Nc6 {[%clk 01:31:43]} {[%emt 00:00:14]} 6. O-O {[%clk 01:28:47]} {[%emt
00:02:14]} O-O-O {[%clk 01:32:00]} {[%emt 00:00:14]} 7. c4 {[%clk 01:22:53]}
{[%emt 00:06:24]} Qh5 {[%clk 01:32:06]} {[%emt 00:00:23]} 8. Nc3 {[%clk
01:10:55]} {[%emt 00:12:29]} e5 {[%clk 01:30:22]} {[%emt 00:02:14]} 9. d5
{[%clk 01:03:09]} {[%emt 00:08:18]} Nd4 {[%clk 00:58:35]} {[%emt 00:32:15]} 10.
Nxd4 {[%clk 01:02:03]} {[%emt 00:01:36]} exd4 {[%clk 00:58:43]} {[%emt
00:00:22]} 11. Bxg4+ {[%clk 01:02:16]} {[%emt 00:00:17]} Nxg4 {[%clk 00:57:59]}
{[%emt 00:01:14]} 12. h3 {[%clk 01:02:36]} {[%emt 00:00:09]} dxc3 {[%clk
00:52:56]} {[%emt 00:05:34]} 13. Qxg4+ {[%clk 00:58:57]} {[%emt 00:04:09]} Qxg4
{[%clk 00:53:21]} {[%emt 00:00:05]} 14. hxg4 {[%clk 00:59:23]} {[%emt
00:00:04]} h5 {[%clk 00:52:42]} {[%emt 00:01:10]} 15. g5 {[%clk 00:57:03]}
{[%emt 00:02:50]} Re8 {[%clk 00:42:34]} {[%emt 00:10:38]} 16. bxc3 {[%clk
00:53:49]} {[%emt 00:03:43]} Re4 {[%clk 00:36:37]} {[%emt 00:06:27]} 17. Be3
{[%clk 00:52:41]} {[%emt 00:01:37]} Rxc4 {[%clk 00:34:55]} {[%emt 00:02:13]}
18. Bd4 {[%clk 00:49:07]} {[%emt 00:04:03]} Be7 {[%clk 00:32:47]} {[%emt
00:02:37]} 19. Bxg7 {[%clk 00:32:23]} {[%emt 00:17:15]} Rg8 {[%clk 00:31:51]}
{[%emt 00:01:27]} 20. Rae1 {[%clk 00:23:52]} {[%emt 00:09:00]} Bxg5 {[%clk
00:20:21]} {[%emt 00:12:00]} 21. Bd4 {[%clk 00:23:15]} {[%emt 00:01:07]} Kd7
{[%clk 00:06:41]} {[%emt 00:14:11]} 22. Re5 {[%clk 00:14:54]} {[%emt 00:08:49]}
Bf6 {[%clk 00:05:07]} {[%emt 00:02:06]} 23. Rxh5 {[%clk 00:14:40]} {[%emt
00:00:44]} Bxd4 {[%clk 00:05:32]} {[%emt 00:00:04]} 24. cxd4 {[%clk 00:15:06]}
{[%emt 00:00:05]} Rxd4 {[%clk 00:05:11]} {[%emt 00:00:52]} 25. Rf5 {[%clk
00:13:33]} {[%emt 00:02:02]} Rg7 {[%clk 00:04:33]} {[%emt 00:01:08]} 26. Re1
{[%clk 00:12:53]} {[%emt 00:01:10]} Rd2 {[%clk 00:03:44]} {[%emt 00:01:19]} 27.
a4 {[%clk 00:12:43]} {[%emt 00:00:39]} Rd4 {[%clk 00:03:30]} {[%emt 00:00:45]}
28. a5 {[%clk 00:12:53]} {[%emt 00:00:20]} Ra4 {[%clk 00:03:02]} {[%emt
00:00:58]} 29. Rb1 {[%clk 00:12:36]} {[%emt 00:00:47]} Kc8 {[%clk 00:02:53]}
{[%emt 00:00:39]} 30. d6 {[%clk 00:11:51]} {[%emt 00:01:15]} cxd6 {[%clk
00:02:57]} {[%emt 00:00:26]} 31. Rc1+ {[%clk 00:11:41]} {[%emt 00:00:40]} Kd7
{[%clk 00:02:48]} {[%emt 00:00:39]} 32. Rb5 {[%clk 00:11:08]} {[%emt 00:01:02]}
Ke6 {[%clk 00:01:50]} {[%emt 00:01:28]} 33. Re1+ {[%clk 00:10:05]} {[%emt
00:01:33]} Kf6 {[%clk 00:01:53]} {[%emt 00:00:27]} 34. Rd5 {[%clk 00:10:12]}
{[%emt 00:00:23]} Rg5 {[%clk 00:01:59]} {[%emt 00:00:25]} 35. Rxd6+ {[%clk
00:10:18]} {[%emt 00:00:24]} Kg7 {[%clk 00:02:28]} {[%emt 00:00:01]} 36. Rd7
{[%clk 00:10:18]} {[%emt 00:00:29]} Rgxa5 {[%clk 00:01:17]} {[%emt 00:01:42]}
37. Rxb7 {[%clk 00:10:20]} {[%emt 00:00:28]} Ra1 {[%clk 00:01:39]} {[%emt
00:00:08]} 38. Rxa1 {[%clk 00:08:59]} {[%emt 00:01:51]} Rxa1+ {[%clk 00:02:07]}
{[%emt 00:00:01]} 39. Kh2 {[%clk 00:09:18]} {[%emt 00:00:11]} a5 {[%clk
00:01:39]} {[%emt 00:00:58]} 40. Ra7 {[%clk 00:08:44]} {[%emt 00:01:04]} a4
{[%clk 00:01:40]} {[%emt 00:00:30]} 41. Ra6 {[%clk 00:08:05]} {[%emt 00:01:09]}
Ra2 {[%clk 00:28:34]} {[%emt 00:03:35]} 42. Kg3 {[%clk 00:33:54]} {[%emt
00:04:39]} Ra3+ {[%clk 00:27:37]} {[%emt 00:01:28]} 43. f3 {[%clk 00:33:24]}
{[%emt 00:01:00]} Ra2 {[%clk 00:27:59]} {[%emt 00:00:09]} 44. Kh2 {[%clk
00:27:26]} {[%emt 00:06:27]} a3 {[%clk 00:27:30]} {[%emt 00:01:01]} 45. Kg3
{[%clk 00:27:00]} {[%emt 00:00:55]} Ra1 {[%clk 00:25:43]} {[%emt 00:02:17]}
1/2-1/2